|
|
|
|
| LEADER |
01541nam a2200397 a 4500 |
| 001 |
EBC1433764 |
| 003 |
MiAaPQ |
| 005 |
20200520144314.0 |
| 006 |
m o d | |
| 007 |
cr cn||||||||| |
| 008 |
130501r20031964enka sb 001 0 eng d |
| 020 |
|
|
|z 9780415314107 (hardback)
|
| 020 |
|
|
|z 9780415608206 (pbk.)
|
| 020 |
|
|
|a 9780203708583 (electronic bk.)
|
| 035 |
|
|
|a (MiAaPQ)EBC1433764
|
| 035 |
|
|
|a (Au-PeEL)EBL1433764
|
| 035 |
|
|
|a (CaPaEBR)ebr10690062
|
| 035 |
|
|
|a (CaONFJC)MIL479189
|
| 035 |
|
|
|a (OCoLC)862046973
|
| 040 |
|
|
|a MiAaPQ
|c MiAaPQ
|d MiAaPQ
|
| 050 |
|
4 |
|a HB99.3
|b .S35 2003
|
| 082 |
0 |
4 |
|a 330.1
|2 23
|
| 100 |
1 |
|
|a Scitovsky, Tibor.
|
| 245 |
1 |
0 |
|a Papers on welfare and growth
|h [electronic resource] /
|c Tibor Scitovsky.
|
| 260 |
|
|
|a London :
|b Routledge,
|c 2003.
|
| 300 |
|
|
|a 274 p. :
|b ill.
|
| 490 |
1 |
|
|a Routledge library editions. Economics. Welfare economics and economic policy ;
|v 8
|
| 500 |
|
|
|a First published in 1964 by Gregg Revivals.
|
| 500 |
|
|
|a First issued in paperback 2010.
|
| 504 |
|
|
|a Includes bibliographical references and index.
|
| 533 |
|
|
|a Electronic reproduction. Ann Arbor, MI : ProQuest, 2015. Available via World Wide Web. Access may be limited to ProQuest affiliated libraries.
|
| 650 |
|
0 |
|a Welfare economics.
|
| 655 |
|
4 |
|a Electronic books.
|
| 710 |
2 |
|
|a ProQuest (Firm)
|
| 830 |
|
0 |
|a Routledge library editions.
|p Economics.
|p Welfare economics and economic policy ;
|v 8.
|
| 856 |
4 |
0 |
|u https://ebookcentral.proquest.com/lib/matrademy/detail.action?docID=1433764
|z Click to View
|